| 000 | 00847 a2200181 4500 | ||
|---|---|---|---|
| 020 | _a0201512858 (hardcover) | ||
| 020 | _a9780201512854 (hardcover) | ||
| 082 | 0 | 4 | _a658.4 |
| 090 |
_c5210 _d5210 |
||
| 100 | 1 | _aBarney, Jay. | |
| 245 | 1 | 0 |
_aGaining and sustaining competitive advantage / _cJay Barney, Jay B. Barney. |
| 260 |
_a[S.l.] : _bAddison Wesley Publishing Company, _c1996. |
||
| 300 |
_a570 p. ; _c24 cm. |
||
| 520 | _aDevelops a framework that emphasizes the importance of understanding not only the threats and opportunities in a firm's competitive environment but also the competitive implications of a firm's organizational strengths and weaknesses. DLC: Industrial management. | ||
| 700 | 1 | _aBarney, Jay B. | |
| 856 | 4 | 0 |
_3Amazon.com _uhttp://www.amazon.com/exec/obidos/ASIN/0201512858/chopaconline-20 |
| 942 |
_aNBS _cBK _k658.4 BAR |
||
| 999 |
_c347628 _d347628 |
||